| 000 | 00399nam a22001697a 4500 | ||
|---|---|---|---|
| 003 | NUST - PNEC | ||
| 005 | 20170116180835.0 | ||
| 008 | 150804b xxu||||| |||| 00| 0 eng d | ||
| 020 | _a8123900716 | ||
| 040 | _cLIBRARY | ||
| 082 | _a530 TIP | ||
| 100 |
_94876 _aTipler, Paul A. |
||
| 245 |
_aPhysics Vol 2 _cPaul A. Tipler |
||
| 250 | _a2nd ed | ||
| 650 |
_94878 _aPhysics _xME |
||
| 942 |
_2ddc _cBK |
||
| 999 |
_c64164 _d64164 |
||